000 01215cam a22003497a 4500
003 CHAP
005 20220329133102.0
008 971013s1989 r 00010 d
010 _a1974
011 _a2946
035 _a2146
040 _cCHAP
090 _aTesis
100 0 0 _aPeña Chora, Guadalupe.
_986771
245 0 _aEscamas (Coccoidea: Homoptera) y sus insectos entomófagos en cuatro municipios del estado de Nuevo León, México
260 _aMonterrey, N. L. :
_bEl Autor,
_c1989
300 _a123 h.
502 _aTesis (M.C. Esp. en Sanidad Vegetal) -- ITESM. División de Graduados e Investigación
590 _aALEPH
_b10
_c20130110
_lUCH01
_h1211
590 _aBATCH-UPD
_b10
_c20130110
_lUCH01
_h0342
590 _aBATCH-UPD
_b10
_c20130110
_lUCH01
_h1734
590 _aBATCH-UPD
_b10
_c20130410
_lUCH01
_h0016
590 _aBATCH-UPD
_b10
_c20130914
_lUCH01
_h0956
590 _aCONVERSION
_b10
_c20130109
_lUCH01
_h1302
650 1 4 _aArboles frutales
_xPlagas.
_96683
650 1 4 _aCocoideos.
_924288
650 1 4 _aInsectos parásitos y predatores.
_958961
650 1 4 _aPlantas ornamentales
_xPlagas.
_989072
901 _aBK
942 _cTESIS
949 _bBC
_cTES
_d-11644
_eTS1
_h24241
_i2146
_si
999 _c1974
_d1974